Inequality in social standard of living in the international context
Problémy efektívneho fungovania a rozvoja ľudského kapitálu sú úzko späté so životnou úrovňou, ktorá je hlavným ukazovateľom sociálneho, ekonomického a politického blahobytu ktorejkoľvek krajiny. Činnosť sociálnej politiky a vzťah medzi hospodárskym rastom a sociálnou rovnováhou v spoločnosti. Príči...
Salvato in:
| Autore principale: | |
|---|---|
| Natura: | Capitolo di libro |
| Lingua: | inglese |
| Soggetti: | |
| Tags: |
Nessun Tag, puoi essere il primo ad aggiungerne!!
|
MARC
| LEADER | 00000nla a2200000 4500 | ||
|---|---|---|---|
| 001 | 0231077 | ||
| 005 | 20240417075120.4 | ||
| 041 | 0 | |a eng | |
| 044 | |a UA | ||
| 245 | 1 | 0 | |a Inequality in social standard of living in the international context |c Yulia Polozhentseva |
| 520 | |a Problémy efektívneho fungovania a rozvoja ľudského kapitálu sú úzko späté so životnou úrovňou, ktorá je hlavným ukazovateľom sociálneho, ekonomického a politického blahobytu ktorejkoľvek krajiny. Činnosť sociálnej politiky a vzťah medzi hospodárskym rastom a sociálnou rovnováhou v spoločnosti. Príčiny a meranie nerovností sociálnej a životnej úrovne. Celosvetová klasifikácia životnej úrovne podľa svetových ukazovateľov nerovností životnej úrovne a základné mechanizmy efektívneho rozvoja sociálnej politiky. | ||
| 610 | 2 | 0 | |a politika sociálna |
| 610 | 2 | 0 | |a riadenie sociálno-ekonomické |
| 610 | 2 | 0 | |a rovnováha sociálna |
| 610 | 2 | 0 | |a nerovnosť sociálna |
| 610 | 2 | 0 | |a úroveň životná |
| 610 | 2 | 0 | |a indexy hodnotové |
| 100 | 1 | |a Polozhentseva, Yulia | |